00343pab a2200145 454500008004000000100001600040245002700056260000900083300001300092362002200105650001000127650002000137700001700157773002300174180718b2015 xxu||||| |||| 00| 0 eng d aSingh, C.P. aGandhi and world peace c2015 ap.49-53. aJan-Jun & Jul-Dec aPeace aGandhi, Mahatma aRekha Kumari aReview of Politics